Les quatre saisons dans différentes langues - Statistiques

Statistiques générales
  • Ce quiz a été pris 143 fois
  • Le résultat moyen est 11 sur 28
Statistiques - réponses
Saison % Correct
Automne
98%
Eté
98%
Français Hiver
98%
Printemps
97%
Summer
88%
Anglais Winter
82%
Allemand Winter
82%
Spring
79%
Fall
65%
Primavera
41%
Primavera
41%
Primavera
41%
Sommer
29%
Espagnol Invierno
26%
Verano
23%
Italien Inverno
22%
Portugais Inverno
22%
Otono
21%
Estate
20%
Frühling
10%
Herbst
10%
Verao
10%
Autunno
7%
Outono
6%
Arc
2%
Roumain Iarna
2%
Toamna
2%
Vara
2%
Aucun quiz correspondant
Distribution des résultats
% des personnes avec chaque résultat
Percentile par nombre de réponses
Votre historique - résultats
Vous n’avez pas pris ce quiz